Informe al Parlament : 1994 / Síndic de Greuges de Catalunya 1994 / Síndic de Greuges de Catalunya

Publicado: Barcelona : [s.n.] , 1995
Descripción Física: 453 p. : amb gràfics col. ; 24 cm

MARC

LEADER 00000nam a2200000Ia 4500
001 11069
008 160829s1995 xx 000 0 cat d
080 |a M-2-369 
110 |a Catalunya.  |b Síndic de Greuges  |9 7881 
245 |a Informe al Parlament :  |b  1994 / Síndic de Greuges de Catalunya 
260 |a Barcelona :  |b [s.n.],  |c 1995 
300 |a 453 p. :  |b  amb gràfics col. ;  |c 24 cm 
590 |a El Síndic de Greuges a partir de 1993 és: Anton Canyelles 
650 |a Catalunya. Síndic de Greuges  |x Memòries  |9 20838 
901 |a Arxiu 
942 |n 1 
952 |0 0  |1 0  |4 0  |6 M2369  |7 1  |9 45712  |a Arxiu  |b Arxiu  |d 2016-12-01  |l 0  |o M-2-369  |p 11069  |r 2016-12-01 00:00:00  |w 2016-12-01  |y ARXIU 
999 |c 49212  |d 49212